Functional analysis I : linear functional analysis

Αποθηκεύτηκε σε:
Λεπτομέρειες βιβλιογραφικής εγγραφής
Άλλοι συγγραφείς: Nikol'skii, N. K. (Nikolai Kapitonovich) (Επιμελητής έκδοσης)
Μορφή: Βιβλίο
Γλώσσα:English
Russian
Δημοσίευση: Berlin ; New York : Springer-Verlag, c1992.
Σειρά:Encyclopaedia of mathematical sciences ; 19
Θέματα:
Ετικέτες: Προσθήκη ετικέτας
Δεν υπάρχουν, Καταχωρήστε ετικέτα πρώτοι!

MARC

LEADER 00000cam a2200000 i 4500
001 1/77866
008 960725s1992 gw | ||| |||| ||eng||
020 |a 3540505849 
035 |a 1995  |l 10050018 
040 |a GR-MyUA  |b gre  |e AACR2 
041 1 |a eng  |h rus 
082 0 |a 515.7 
245 1 0 |a Functional analysis I :   |b linear functional analysis /   |c N.K. Nikol'skij (ed.).  
246 3 3 |a Functional Analysis 1 
246 3 3 |a Functional Analysis one 
260 |a Berlin ; New York :   |b Springer-Verlag,   |c c1992.  
300 |a 283 σ. ;   |c 24 εκ.  
490 1 |a (Encyclopaedia of mathematical sciences   |v ; 19)  
500 |a Τίτλος πρωτοτύπου: Funktsional'nyj Analiz 1.  
504 |a Περιέχει βιβλιογραφικές αναφορές και ευρετήρια.  
505 8 |a Τ. 1. Linear functional analysis.  
650 0 0 |a Functional analysis. 
700 1 |a Nikol'skii, N. K.   |q (Nikolai Kapitonovich)  |e edt 
830 0 |a Encyclopaedia of mathematical sciences ;  |v  19 
852 |a INST  |b SAMOS  |e 19960725  |h 515.7 FUN  |p 005300005251  |q 005300005251  |t BK  |y 0 
852 |a INST  |b SAMOS  |e 19990428  |h 515.7 FUN  |p 005300014758  |q 005300014758  |t BK  |y 0 
901 |a BIBL-1999-1 
909 |a Σ  |b 064619 
909 |a Σ  |b 039330 
922 |a 3ΕΛΗ  |b 199902  |c ΚΠΣ  |d GLORY 
950 |a  116-1998-08-10